000 00791 a2200193 4500
999 _c1941
_d1941
020 _a0865435383 (cloth)
020 _a0865435391 (pbk. : alk. paper)
050 0 0 _aHG187.5.BON 1998
100 1 _aBond, Patrick.
245 1 0 _aUneven Zimbabwe :
_ba study of finance, development, and underdevelopment /
_cPatrick Bond.
264 _aTrenton, NJ :
_bAfrica World Press,
_c ♭1998.
300 _axxviii, 515 p. :
_bill., maps ;
500 _aIncludes bibliographical references (p. [481]-499) and index.
504 _aIncludes bibliographical references (p. [481]-499) and index.
650 0 _aFinance
_xHistory.
651 0 _aZimbabwe
942 _2lcc
_cBK
_h187.5
_iBON
_kHG